00415 2200169 4500245005000000250001100050100001300061700001900074700001400093650002600107005001900133260003400152041001400186084001000200300002600210336000900236 aAir Mengalir di Musim KemaraucM. NasinhText aCet. 1 aM. Nasin aAno D. Sanjari aA. Ruhiat aTeknik Persediaan Air a20230307075208 aBandungbWahana Iptek Bandung aIndonesia a628.1 avi, 130 hlm. :cilus. atext